000 01372nam a22002057a 4500
003 OSt
005 20181102070814.0
008 180307b xxu||||| |||| 00| 0 spa d
040 _cPJ
100 _92225
_aGarcía Coni, Raúl R.
245 1 0 _aDerechos registral aplicado /
_cRaùl R. García Coni, Ángel A. Frontini; prólogo del Dr. Jorge H. Alterini.
250 _a2a. ed.
260 _aBuenos Aires :
300 _a286 p.
_c23 cm.
504 _aBibliografía: p. 277 - 286.
505 _aContenido: Derecho registral inmobiliario -- Presupuestos del derecho registral -- Caracterización y relaciones del derecho registral inmobiliario -- Tipos de registros y sistemas registrales -- Trasmisión inmobiliaria en la legislación Argentina -- Los principios registrales en la doctrina y en el derecho positivo Argentino -- Concepto y clasificación de los principios registrales -- Principio de publicidad -- Principio de inscripción o matriculación -- Principio de consentimiento -- Principio de autenticidad -- Principio de rogación -- Principio de prioridad y rango -- Principio de tracto continuo -- Principio de especialidad o determinación -- Principio de legalidad -- Principio de legitimación -- Principio de fe pública registral.
650 0 _9352
_aDERECHO CIVIL
650 0 _91821
_aDERECHOS REALES
942 _2udc
_cLIB
_h347.235
_iGAR
999 _c1483
_d1483